Bring forth the children ; a journey to the forgotten people of Europe and the Middle East /

Bibliographic Details
Main Author: Brynner, Yul
Format: Book
Language:English
Published: New York : McGraw-Hill, [1960]
Edition:[1st ed.].
Subjects:

MARC

Tag First Indicator Second Indicator Subfields
LEADER 00000cam a2200000 4500
001 in00000072169
005 20151008052432.0
008 721026s1960 nyu 00000 eng u
010 |a  60015283  
035 |a (OCoLC)00477771 
035 |9 AAH3326AM 
040 |c OUN  |d TXA  |d UtOrBLW 
049 |a TXAM  |c [329396] 
050 0 |a HV640  |b .B76 
092 |a 361.53  |b B916b 
100 1 |a Brynner, Yul. 
245 1 0 |a Bring forth the children ;  |b a journey to the forgotten people of Europe and the Middle East /  |c Photos. by Inge Morath and Yul Brynner. 
250 |a [1st ed.]. 
264 1 |a New York :  |b McGraw-Hill,  |c [1960] 
300 |a 152 pages :  |b illustrations ;  |c 26 cm. 
336 |a text  |b txt  |2 rdacontent 
337 |a unmediated  |b n  |2 rdamedia 
338 |a volume  |b nc  |2 rdacarrier 
650 0 |a Political refugees. 
650 0 |a Youth. 
999 |a MARS 
999 f f |s 294283ac-c0a9-3350-aa44-85eb9bda2deb  |i 2e56ff4c-d6fe-3054-bfc2-b0c4fcf6b114  |t 0 
952 f f |p ric  |a Texas A&M University  |b Rellis Campus  |c Joint Library Facility  |d Remote Storage  |t 0  |e HV640 .B76  |h Library of Congress classification  |i unmediated -- volume  |m A14800808811 
998 f f |a HV640 .B76  |t 0  |l Remote Storage